000 00441cam a2200145 4500500
005 20251012032551.0
041 _afre
042 _adc
100 1 0 _aRomano de Sant’Anna, Affonso
_eauthor
245 0 0 _aO homem e sua sombra - 3
260 _c2005.
500 _a44
786 0 _nSigila | 16 | 2 | 2005-12-20 | p. 216-216 | 1286-1715
856 4 1 _uhttps://shs.cairn.info/revue-sigila-2005-2-page-216?lang=fr&redirect-ssocas=7080
999 _c1547670
_d1547670